Niñas, niños y adolescentes frente a los discursos de odio en redes sociales digitales / (Registro nro. 5770)
[ vista simple ]
| 000 -LEADER | |
|---|---|
| fixed length control field | 01131nab a22002177a 4500 |
| 003 - CONTROL NUMBER IDENTIFIER | |
| control field | OSt |
| 005 - DATE AND TIME OF LATEST TRANSACTION | |
| control field | 20260105214108.0 |
| 008 - FIXED-LENGTH DATA ELEMENTS--GENERAL INFORMATION | |
| fixed length control field | 190514b xxu||||| |||| 00| 0 spa d |
| 040 ## - CATALOGING SOURCE | |
| Transcribing agency | PJ |
| 100 ## - MAIN ENTRY--PERSONAL NAME | |
| 9 (RLIN) | 6685 |
| Personal name | Martino, Bettina Andrea |
| 245 10 - TITLE STATEMENT | |
| Title | Niñas, niños y adolescentes frente a los discursos de odio en redes sociales digitales / |
| Statement of responsibility, etc | Bettina Andrea Martino. |
| 300 ## - PHYSICAL DESCRIPTION | |
| Extent | p. 49-58 |
| 505 ## - FORMATTED CONTENTS NOTE | |
| Formatted contents note | Sumario: I. Introducción.— II. Caracterización general de los discursos de odio.— III. Odio digital.— IV. La deshumanización y la<br/>propagación del odio en los espacios digitales: algunos apuntes.— V. Niñas, niños y adolescentes: propuestas para pensar sobre los<br/>discursos de odio en las redes sociales. |
| 505 ## - FORMATTED CONTENTS NOTE | |
| Title | Si te interesa el texto, comunicate a koha@justierradelfuego.gov.ar |
| 650 #0 - SUBJECT ADDED ENTRY--TOPICAL TERM | |
| 9 (RLIN) | 967 |
| Topical term or geographic name as entry element | DERECHO DE FAMILIA |
| 650 #0 - SUBJECT ADDED ENTRY--TOPICAL TERM | |
| 9 (RLIN) | 2741 |
| Topical term or geographic name as entry element | DERECHOS DE LAS NIÑAS, NIÑOS Y ADOLESCENTES |
| 650 #0 - SUBJECT ADDED ENTRY--TOPICAL TERM | |
| Topical term or geographic name as entry element | TECNOLOGIA DE LA INFORMACION |
| 9 (RLIN) | 289 |
| 650 #0 - SUBJECT ADDED ENTRY--TOPICAL TERM | |
| Topical term or geographic name as entry element | VIOLENCIA DIGITAL |
| 9 (RLIN) | 6528 |
| 773 0# - HOST ITEM ENTRY | |
| Host Biblionumber | 2844 |
| Host Itemnumber | 3222 |
| Place, publisher, and date of publication | Buenos Aires : AbeledoPerrot, 1989- |
| Title | Derecho de familia. N° 113 - Marzo 2024 |
| International Standard Book Number | 18511201 |
| 942 ## - ADDED ENTRY ELEMENTS (KOHA) | |
| Source of classification or shelving scheme | |
| Koha item type | Analítica Artículo de Revista |
No hay ítems disponibles.
